| 000 | 00704nam a22002175i 4500 | ||
|---|---|---|---|
| 001 | 176504 | ||
| 003 | ES-MaACL | ||
| 005 | 20230906220113.0 | ||
| 008 | 110119s1963 sp a |||| | cat d | ||
| 080 | _a811.134.1 | ||
| 245 | 0 | 3 |
_aLa llengua catalana / _cTriadú ... [et al.]. |
| 260 |
_aSarrià (Barcelona) : _bEditorial Franciscana, _c1963. |
||
| 300 |
_a152 p. : _bil. bl. y n. ; _c18 cm. |
||
| 490 | 1 |
_aCritèrion. Col·lecció Ideològica ; _v17 |
|
| 546 | _aTexto en catalán. | ||
| 650 | 0 | 4 |
_aLengua catalana. _914096 |
| 700 | 0 |
_aTriadú, Joan. _9111362 |
|
| 830 | 0 |
_aCritèrion. Col·lecció Ideològica ; _v17 _9190094 |
|
| 852 |
_aES-MaACL _jE-14106 _xOlim P-735 |
||
| 999 |
_c176504 _d176504 |
||